| 000 | 00439 a2200169 4500 | ||
|---|---|---|---|
| 000 | nam a22 7a 4500 | ||
| 001 | 1912 | ||
| 005 | 20260407134420.0 | ||
| 020 | _a9789332518746 | ||
| 100 | _aAndrew S. Tanenbaum, David J. Wetherall | ||
| 110 | _aAndrew S. Tanenbaum, David J. Wetherall | ||
| 245 | _aComputer Networks | ||
| 250 | _a5th Edition | ||
| 260 |
_bPearson Education _c2011 |
||
| 264 |
_bPearson Education _c2011 |
||
| 942 | _cBK | ||
| 999 |
_c1912 _d1912 |
||